000176380 001__ 176380
000176380 005__ 20160817111708.0
000176380 022__ $$a0038-4860
000176380 0247_ $$2ZDBID$$aPERI:(DE-600)434158-2
000176380 0247_ $$2ZDBPPN$$aZDPPN:012469149
000176380 0247_ $$2SCOPUS$$aSCOPUS:77683
000176380 0247_ $$2Medline$$amedline:7511346
000176380 030__ $$aSOMDA
000176380 030__ $$aSOMDA
000176380 035__ $$aPERI:(DE-600)434158-2
000176380 082__ $$a610
000176380 2100_ $$2ZDB$$aSouthwest. Med.
000176380 2100_ $$2iso$$aSouthwest Med
000176380 2100_ $$2dnlm$$aSouthwest Med
000176380 2100_ $$2iso$$aSouthwest Med
000176380 245__ $$aSouthwestern medicine$$cMedical and Surgical Association of the Southwest$$hprint
000176380 247__ $$2DE-600$$aSouthwestern medicine
000176380 260__ $$aEl Paso, Tex.
000176380 380__ $$2marcgt$$ajournal
000176380 500__ $$aAutomatically generated record. (Updated: 08/2016)
000176380 650_7 $$0ASJC:2700$$2ASJC$$aMedicine(all)
000176380 909CO $$ooai:juser.fz-juelich.de:271524$$pauthority$$pauthority:PERI
000176380 909CO $$ooai:juser.fz-juelich.de:271524
000176380 915__ $$0StatID:(DE-HGF)0200$$2StatID$$aDBCoverage$$bSCOPUS
000176380 915__ $$0StatID:(DE-HGF)0300$$2StatID$$aDBCoverage$$bMedline
000176380 980__ $$aPERI
000176380 980__ $$aAUTHORITY